000 00747nam a2200229Ia 4500
008 160319s9999 xx 000 0 und d
020 _a978-971-98-0308-9
050 _aFIL LC 220.5
050 _b.S47 2015 c.2
245 _aService-learning and immersion towards community building :
245 _bNSTP-CWTS 2 worktext for college students /
245 _cHerminigildo S. Villasoto… [et al]
260 _aQuezon City:
260 _bC&E Publishing, Inc.
260 _c2015
300 _a133 pages :
300 _c26 cm.
500 _aIncludes bibliographical references.
650 _aCommunity and school -- Philippines.
650 _aService learning -- Philippines.
650 _xEducation -- Social aspects -- Philippines.
999 _c291673
_d291673